000 02521nam a2200253 a 4500
001 000015099
005 20200929163945.0
008 100201s2005 dr ac 001 0 spa d
020 _a9993467227
040 _aDO-SdBNP
_bspa
_cBNPHU
082 _a920.24
_bP419M
100 1 _aPenzo Pichardo, Mario Augusto
_d1944-
_934182
245 1 0 _aMario Penzo Fondeur :
_buna vida al servicio de la ingeniería : apuntes e imágenes de familia /
_cMario Augusto Penzo Pichardo, Natalio Puras Penzo ; Prólogo Roque Napoleón Muñoz.
260 _aSanto Domingo :
_bAmigo del Hogar,
_c2005.
300 _a279 p. :
_bil., retrs. ;
_c26 cm.
500 _aIncluye datos biográficos de los autores en la contrasolapa
505 2 _aPrólogo /Roque Napoleón Muñoz --Introducción -- Una vida al servicio de la ingeniería / Mario Penzo Fondeur -- El profesor -- El funcionario público -- El empresario de la construcción -- Padre de familia -- Sus pasatiempos -- Su libro : Apuntes de una cátedra -- Repercusiones internacionales -- Ex discípulos destacados -- Ultimas actividade -- Condecoraciones y homenajes -- Epílogo -- Bibliografía --Apuntes e imagenes de familia reflexiones y dedicatoria -- La Deuda Sagrada -- Origen de los Fondeur -- Los 90 años de Mamita Virginia -- Los 100 años de Ninina -- El doctor Nicolás Penzo Fondeur -- Gloria y Federico Penzo Fondeur -- Primera Comunión de Nicolás, Federico y Gloria Penzo Fondeur -- Mario, Ana y Nicolás Penzo Fondeur -- Mario Penzo Fondeur, sus familiares y algunas de sus obras -- José Augusto Sánchez Penzo y Salvador Sánchez, hijo de José Amado Sánchez Penzo -- Nicolás Augusto Penzo Amarante Don Augusto -- 50 años del matrimonio Penzo-Fondeur -- 50 aniversario de bodas Penzo-Pichardo -- Los 100 años de Leticia Fondeur Viudad Penzo-- Llegada del primer Penzo a República Dominicana-- Nicolás Penzo-Pierre y su descendencia -- Mario Penzo-Amarante -- Ferretería Moderna de Augusto Penzo y Co. -APECO- -- Alejandro Leonte Penzo Amarante --Los Penzo Amarante, cofundadores del Centro de Recreo de Santiago -- Boda Nucha y Palote -- Fotografías de Isa Puras Penzo y Noemí Penzo Pichardo -- Matrimonio Puras-Penzo -- Cartas de Tío Goyo y Gregorita.
504 _aIncluye bibliografía (p. 177)
600 1 4 _aPENZO FONDEUR, MARIO,
_d1910-2003
_934183
650 4 _aPenzo fondeur (familia)
_xGenealogía
_934184
650 4 _aIngeniería civil
_xHistoria
_zRepública Dominicana
_934185
700 1 _aPuras Penzo, Natalio,
_d1934-
_934186
049 _aBNPD
999 _c14671
_d14671